[Event "Santa Eugenia op 9th"]
[Site "Santa Eugenia"]
[Date "2014.05.09"]
[Round "3"]
[White "Garcia Moles, Alex"]
[Black "Lopez Gomez, Pedro Jose"]
[Result "1-0"]
[WhiteElo "1705"]
[BlackElo "1700"]
[PlyCount "26"]
[EventDate "2014.04.25"]
[EventType "swiss"]
[EventRounds "9"]
[EventCountry "ESP"]
[SourceTitle "EXT 2015"]
[Source "ChessBase"]
[SourceDate "2014.11.20"]
[SourceVersion "1"]
[SourceVersionDate "2014.11.20"]
[SourceQuality "1"]

1. e4 e5 2. Nf3 d6 3. d4 Nc6 4. Bb5 Bd7 5. Nc3 Be7 6. a3 Nf6 7. Bg5 h6 8. Bh4 0-0 9. dxe5 Nxe5 10. Bxd7 Qxd7 11. Nxe5 dxe5 12. Qxd7 Nxd7 13. Bxe7 Rfe8 1-0